Analýza vybraného rodinného podniku bakalárska práca

Na minha lista:
Detalhes bibliográficos
Autor principal: Gabrišová, Andrea
Autor Corporativo: Obchodná fakulta EU. Katedra služieb a cestovného ruchu - zrušené
Outros Autores: Veszprémi Sirotková, Anna, 1966-
Formato: Livro
Idioma:eslovaco
Publicado em: Bratislava 2011
Tags: Adicionar Tag
Sem tags, seja o primeiro a adicionar uma tag!

MARC

LEADER 00000nbm a2200000 4500
001 0140483
005 20161109111719.4
041 0 |a slo 
044 |a SK 
245 1 0 |a Analýza vybraného rodinného podniku  |b bakalárska práca  |c Andrea Gabrišová ; školiteľ: Anna Sirotková 
264 1 |a Bratislava  |c 2011 
300 |a 43 s. 
100 1 |a Gabrišová, Andrea 
700 1 |a Veszprémi Sirotková, Anna, 1966- 
710 2 |a Obchodná fakulta EU. Katedra služieb a cestovného ruchu - zrušené